000 00589nam a2200181Ia 4500
008 151202s9999||||xx |||||||||||||| ||und||
082 _bPNVM-45689
100 _aदामले निळू.
245 _aअवघड अफगणिस्थान.
260 _b"मौज प्रकाशन,मुंबई."
260 _c2004
300 _a158
600 _aदामले निळू.
630 _aअवघड अफगणिस्थान.
700 _aदामले निळू.
730 _aअवघड अफगणिस्थान.
942 _cBOOK
999 _c1311640
_d1311637